[Event "AUT-chT2O 2223"]
[Site "Austria"]
[Date "2023.01.22"]
[Round "7.1"]
[White "Heissenberger, Andreas"]
[Black "Szvetits, Rene"]
[Result "1-0"]
[WhiteElo "2015"]
[BlackElo "2071"]
[PlyCount "58"]
[EventDate "2022.10.15"]
[EventType "team-tourn"]
[EventRounds "11"]
[EventCountry "AUT"]
[SourceTitle "CBM 213 Extra"]
[Source "ChessBase"]
[SourceDate "2023.05.31"]
[SourceVersion "1"]
[SourceVersionDate "2023.05.31"]
[SourceQuality "1"]
[WhiteTeam "Bad Voeslau"]
[BlackTeam "Kottingbrunn"]
[WhiteTeamCountry "AUT"]
[BlackTeamCountry "AUT"]

1. e4 c5 2. Nf3 Nc6 3. d4 cxd4 4. Nxd4 Nf6 5. Nc3 e5 6. Ndb5 d6 7. Bg5 a6 8. Na3 b5 9. Nd5 Be7 10. Bxf6 Bxf6 11. c4 0-0 12. cxb5 Nd4 13. Nc3 Bg5 14. Bd3 Kh8 15. 0-0 g6 16. bxa6 f5 17. Nc2 Ne6 18. b4 Ra7 19. b5 Nc5 20. Nb4 Bd7 21. a4 Qa5 22. Rb1 Ne6 23. Ncd5 Bd8 24. Ne3 Nc5 25. Bc2 Qb6 26. Nc4 Qb8 27. Qxd6 Qxd6 28. Nxd6 Rf6 29. Nc4 Bc7 1-0

[Event "Prague Holiday M21"]
[Site "Prague"]
[Date "2013.07.21"]
[Round "2"]
[White "Nilsson, Anders"]
[Black "Heissenberger, Andreas"]
[Result "1-0"]
[WhiteElo "2192"]
[BlackElo "2021"]
[PlyCount "78"]
[EventDate "2013.07.21"]
[EventType "tourn"]
[EventRounds "9"]
[EventCountry "CZE"]
[SourceTitle "EXT 2023"]
[Source "ChessBase"]
[SourceDate "2022.10.05"]
[SourceVersion "1"]
[SourceVersionDate "2022.10.05"]
[SourceQuality "1"]

1. d4 Nf6 2. c4 c5 3. d5 b5 4. a4 bxc4 5. Nc3 d6 6. e4 Ba6 7. f4 Qc7 8. Nf3 Nfd7 9. Be2 g6 10. 0-0 Bg7 11. Ra3 0-0 12. f5 Ne5 13. Nxe5 Bxe5 14. Bh6 Bg7 15. Bxg7 Kxg7 16. e5 Nd7 17. e6 fxe6 18. dxe6 Nf6 19. Qd2 Rad8 20. Nd5 Nxd5 21. Qxd5 Qb7 22. Qd2 Qe4 23. Rf4 Qb1+ 24. Rf1 Qe4 25. Qg5 Qd4+ 26. Kh1 Qf6 27. Qg4 Kh8 28. Raf3 Bb7 29. Rg3 Bd5 30. Bxc4 Bxc4 31. Qxc4 gxf5 32. Rgf3 Qxb2 33. Rxf5 Rxf5 34. Rxf5 Rg8 35. Qf1 h6 36. Rf7 Rg7 37. Rf8+ Kh7 38. Qf5+ Rg6 39. Rf7+ Kh8 1-0

[Event "Vienna Tschaturanga op"]
[Site "Vienna"]
[Date "2013.05.11"]
[Round "6"]
[White "Heissenberger, Andreas"]
[Black "Sadilek, Maximilian"]
[Result "1/2-1/2"]
[WhiteElo "2012"]
[BlackElo "2190"]
[PlyCount "31"]
[EventDate "2013.05.06"]
[EventType "swiss"]
[EventRounds "7"]
[EventCountry "AUT"]
[SourceTitle "CBM 154 Extra"]
[Source "ChessBase"]
[SourceDate "2013.06.25"]
[SourceVersion "2"]
[SourceVersionDate "2013.06.25"]
[SourceQuality "1"]

1. e4 c5 2. Nf3 Nc6 3. d4 cxd4 4. Nxd4 g6 5. Be3 Nf6 6. Nc3 d6 7. f3 Bg7 8. Qd2 0-0 9. 0-0-0 d5 10. Nxc6 bxc6 11. exd5 cxd5 12. Nxd5 Nxd5 13. Qxd5 Rb8 14. b3 Qe8 15. Bd4 e5 16. Bb2 1/2-1/2

[Event "Vienna Kavalier op 7th"]
[Site "Vienna"]
[Date "2012.10.29"]
[Round "4"]
[White "Heissenberger, Andreas"]
[Black "Ernst, Michael"]
[Result "1/2-1/2"]
[WhiteElo "2016"]
[BlackElo "2214"]
[PlyCount "117"]
[EventDate "2012.10.25"]
[EventType "swiss"]
[EventRounds "7"]
[EventCountry "AUT"]
[SourceTitle "EXT 2013"]
[Source "ChessBase"]
[SourceDate "2012.11.22"]
[SourceVersion "1"]
[SourceVersionDate "2012.11.22"]
[SourceQuality "1"]

1. e4 e6 2. d4 d5 3. Nc3 Bb4 4. e5 b6 5. Qg4 Bf8 6. Bg5 Qd7 7. a3 Nc6 8. Bb5 Bb7 9. Nf3 Nge7 10. 0-0 0-0-0 11. Ne2 h6 12. Be3 a6 13. Bd3 f5 14. exf6 gxf6 15. Nf4 e5 16. Qxd7+ Kxd7 17. Ng6 Nxg6 18. Bf5+ Kd6 19. Bxg6 Ne7 20. Bh5 c5 21. c3 Bg7 22. dxc5+ bxc5 23. b4 cxb4 24. axb4 Ke6 25. Nh4 f5 26. b5 axb5 27. Bc5 Bf6 28. Nf3 Rc8 29. Bb6 Rc6 30. Ba5 Ra6 31. Bb4 Rxa1 32. Rxa1 Ra8 33. Re1 e4 34. Nd4+ Bxd4 35. cxd4 Nc6 36. Bc5 Ra4 37. Rd1 b4 38. h4 b3 39. Rb1 Nxd4 40. Bxd4 Rxd4 41. Rxb3 Bc6 42. Rg3 Ba4 43. Rg6+ Ke5 44. Rxh6 Rc4 45. Bf7 Rc6 46. Rxc6 Bxc6 47. Kf1 d4 48. g3 f4 49. Bc4 fxg3 50. fxg3 d3 51. h5 Be8 52. h6 Kf6 53. Kf2 Bg6 54. Bg8 Bf5 55. Ke3 Kg6 56. g4 Bxg4 57. Kxe4 Bf5+ 58. Ke3 Kxh6 59. Bc4 1/2-1/2

[Event "Vienna Kavalier op 7th"]
[Site "Vienna"]
[Date "2012.10.25"]
[Round "1"]
[White "Ochsenhofer, Walter"]
[Black "Heissenberger, Andreas"]
[Result "0-1"]
[WhiteElo "1664"]
[BlackElo "2016"]
[PlyCount "82"]
[EventDate "2012.10.25"]
[EventType "swiss"]
[EventRounds "7"]
[EventCountry "AUT"]
[SourceTitle "EXT 2013"]
[Source "ChessBase"]
[SourceDate "2012.11.22"]
[SourceVersion "1"]
[SourceVersionDate "2012.11.22"]
[SourceQuality "1"]

1. e4 d5 2. exd5 Nf6 3. Nc3 Nxd5 4. Nxd5 Qxd5 5. Nf3 Bf5 6. d4 Qe4+ 7. Be2 Qxc2 8. Qxc2 Bxc2 9. Bb5+ c6 10. Bc4 e6 11. 0-0 Nd7 12. Bf4 Nb6 13. Be2 Be7 14. Rac1 Be4 15. Ne5 0-0 16. b3 Rfd8 17. Be3 Ba3 18. Rcd1 Nd5 19. Bc1 Bxc1 20. Rxc1 Nf4 21. Bd1 Bxg2 22. Re1 Rxd4 23. Bf3 Bxf3 24. Nxf3 Rd6 25. Rc4 Ng6 26. h4 h5 27. Rc5 Rd5 28. Rc4 Rad8 29. Kh2 Rd3 30. Ng5 Rd2 31. Ne4 Rxa2 32. Kg1 Nxh4 33. Nf6+ gxf6 34. Rxh4 Rd5 35. Rf4 f5 36. Rh4 Rdd2 37. f3 Rd3 38. Rxh5 Rad2 39. Rg5+ Kf8 40. Rg3 Rxb3 41. Rh3 a5 0-1

[Event "Vienna Husek op-A"]
[Site "Vienna"]
[Date "2012.08.13"]
[Round "1"]
[White "Heissenberger, Andreas"]
[Black "Gonzalez de la Nava, Amador"]
[Result "0-1"]
[WhiteElo "2042"]
[BlackElo "2295"]
[PlyCount "148"]
[EventDate "2012.08.13"]
[EventType "swiss"]
[EventRounds "7"]
[EventCountry "AUT"]
[SourceTitle "EXT 2014"]
[Source "ChessBase"]
[SourceDate "2013.11.20"]
[SourceVersion "1"]
[SourceVersionDate "2013.11.20"]
[SourceQuality "1"]

1. e4 e5 2. Nf3 Nf6 3. d4 Nxe4 4. Nxe5 d5 5. Bd3 Be7 6. 0-0 0-0 7. Nc3 Nf6 8. Ne2 Nc6 9. Nxc6 bxc6 10. Ng3 c5 11. c3 cxd4 12. cxd4 c5 13. dxc5 Bxc5 14. Bg5 h6 15. Bf4 Bg4 16. Qd2 Re8 17. h3 Bd7 18. Rac1 Bb6 19. Rfd1 Qe7 20. Re1 Qf8 21. Bc7 Rxe1+ 22. Qxe1 Bc5 23. a3 Rc8 24. Be5 Re8 25. Qc3 Rc8 26. Qd2 Qd8 27. Ba6 Bxf2+ 28. Kxf2 Rxc1 29. Qxc1 Qb6+ 30. Kf1 Qxa6+ 31. Kg1 Qe6 32. Qc3 Ne8 33. Qd4 f6 34. Bb8 a6 35. Ba7 Nd6 36. Qb6 Nc8 37. Qxe6+ Bxe6 38. Bc5 Kf7 39. Kf2 Ne7 40. b4 Bd7 41. Ke3 Ng6 42. Ne2 Nh4 43. g3 Nf5+ 44. Kf2 g5 45. g4 Ng7 46. Nd4 h5 47. Kg3 h4+ 48. Kg2 f5 49. gxf5 Kf6 50. Bb6 Ke5 51. f6 Kxf6 52. Bd8+ Kg6 53. Kh2 Ne6 54. Nxe6 Bxe6 55. Bb6 Kf5 56. Be3 Bd7 57. Kg2 g4 58. hxg4+ Kxg4 59. Bg1 Kf4 60. Kf2 Ke4 61. Ke2 h3 62. Bh2 Bb5+ 63. Kd2 Kd4 64. Bg1+ Kc4 65. Kc2 d4 66. Bh2 d3+ 67. Kc1 Kb3 68. Kd2 Kxa3 69. Kc3 Ka2 70. Bg3 Kb1 71. Kd2 Kb2 72. Bf4 Kb3 73. Bd6 Kc4 74. Kc1 Kc3 0-1

[Event "Lienz op 16th"]
[Site "Lienz"]
[Date "2011.02.13"]
[Round "2"]
[White "Tabernig, Bernhard"]
[Black "Heissenberger, Andreas"]
[Result "1-0"]
[WhiteElo "2306"]
[BlackElo "2040"]
[PlyCount "31"]
[EventDate "2011.02.12"]
[EventType "swiss"]
[EventRounds "9"]
[EventCountry "AUT"]
[SourceTitle "CBM 140 Extra"]
[Source "ChessBase"]
[SourceDate "2011.03.01"]
[SourceVersion "1"]
[SourceVersionDate "2011.03.01"]
[SourceQuality "1"]

1. d4 Nf6 2. c4 c5 3. d5 b5 4. Nf3 bxc4 5. Nc3 d6 6. e4 Nbd7 7. Bxc4 g6 8. Bb5 Bg7 9. e5 dxe5 10. Nxe5 Qc7 11. Bf4 Nh5 12. Nxd7 Nxf4 13. Nb6+ Kf8 14. Nxa8 Nxg2+ 15. Kf1 Bh3 16. Nxc7 1-0

[Event "Vienna op 16th"]
[Site "Vienna"]
[Date "2009.08.16"]
[Round "2"]
[White "Ozeren, Kemal"]
[Black "Heissenberger, Andreas"]
[Result "1-0"]
[WhiteElo "2306"]
[BlackElo "2050"]
[PlyCount "55"]
[EventDate "2009.08.15"]
[EventType "swiss"]
[EventRounds "9"]
[EventCountry "AUT"]
[SourceTitle "CBM 131 Extra"]
[Source "ChessBase"]
[SourceDate "2009.09.03"]
[SourceVersion "2"]
[SourceVersionDate "2009.09.16"]
[SourceQuality "1"]

1. d4 d5 2. c4 e6 3. Nc3 Nf6 4. cxd5 exd5 5. Bg5 Be7 6. e3 c6 7. Bd3 Nbd7 8. Nge2 0-0 9. 0-0 Re8 10. f3 Nf8 11. Qc2 Nh5 12. Bxe7 Qxe7 13. e4 Be6 14. a3 Rac8 15. b4 Qc7 16. e5 g6 17. f4 Ng7 18. Ng3 Qd7 19. f5 Bxf5 20. Bxf5 Nxf5 21. Nxf5 gxf5 22. Rxf5 Ng6 23. Raf1 b6 24. Qf2 Rc7 25. h4 c5 26. bxc5 bxc5 27. h5 Nf8 28. Rg5+ 1-0

[Event "Voesendorf op"]
[Site "Voesendorf"]
[Date "2007.06.10"]
[Round "5"]
[White "Heissenberger, Andreas"]
[Black "Gheri, Harald"]
[Result "1-0"]
[WhiteElo "1931"]
[BlackElo "1749"]
[PlyCount "81"]
[EventDate "2007.06.07"]
[EventType "swiss"]
[EventRounds "5"]
[EventCountry "AUT"]
[SourceTitle "EXT 2008"]
[Source "ChessBase"]
[SourceDate "2007.11.25"]
[SourceVersion "1"]
[SourceVersionDate "2007.11.25"]
[SourceQuality "1"]

1. e4 d6 2. d4 Nf6 3. Bd3 c6 4. Nc3 Bg4 5. f3 Bh5 6. Be3 Qa5 7. Nge2 b5 8. a3 Nbd7 9. 0-0 a6 10. b4 Qc7 11. a4 Qb7 12. Ng3 e6 13. Nxh5 Nxh5 14. f4 Nhf6 15. e5 Nd5 16. Nxd5 exd5 17. axb5 axb5 18. c3 g6 19. f5 dxe5 20. dxe5 Nxe5 21. Rxa8+ Qxa8 22. Bd4 Bd6 23. Qe2 Qb8 24. Re1 f6 25. fxg6 hxg6 26. Bxg6+ Kd8 27. Bf5 Re8 28. Ra1 Re7 29. Qh5 Nd7 30. Bxd7 Kxd7 31. Bxf6 Qb6+ 32. Kf1 Qe3 33. Bxe7 Bxe7 34. Qf5+ Kc7 35. Re1 Qg5 36. Qxg5 Bxg5 37. Ke2 Kd6 38. Kd3 Bf4 39. h4 c5 40. bxc5+ Kxc5 41. g4 1-0

[Event "AUT-ch U18"]
[Site "Koestendorf"]
[Date "1998.04.09"]
[Round "6.6"]
[White "Spirk, Stefan"]
[Black "Heissenberger, Andreas"]
[Result "1/2-1/2"]
[WhiteElo "1957"]
[BlackElo "1644"]
[PlyCount "86"]
[EventDate "1998.04.04"]
[EventType "swiss"]
[EventRounds "7"]
[EventCountry "AUT"]
[SourceTitle "EXT 1999"]
[Source "ChessBase"]
[SourceDate "1998.11.16"]
[SourceVersion "1"]
[SourceVersionDate "1998.11.16"]
[SourceQuality "1"]

1. c4 Nf6 2. Nf3 c6 3. g3 g6 4. b3 Bg7 5. Bb2 0-0 6. Bg2 d5 7. 0-0 Re8 8. d3 Nh5 9. Bxg7 Kxg7 10. Nc3 e5 11. Nd2 Be6 12. Qc2 Na6 13. Rfc1 f5 14. a3 Qd7 15. b4 Rac8 16. Qb2 d4 17. Na2 b6 18. a4 c5 19. b5 Nb8 20. Rc2 Qd6 21. a5 Rc7 22. axb6 axb6 23. Nc1 Bc8 24. Ra8 Bb7 25. Bxb7 Rxb7 26. Qa1 Qe7 27. Rca2 Nd7 28. Rxe8 Qxe8 29. Ra7 Rxa7 30. Qxa7 Nhf6 31. f3 Qb8 32. Qxb8 Nxb8 33. Kf2 h6 34. e3 Nh7 35. exd4 exd4 36. f4 Nd7 37. h3 Kf6 38. g4 Nhf8 39. Kg3 Ne6 40. Ne2 Ndf8 41. Nf3 Nd7 42. Nh4 Ng7 43. Nf3 Ne6 1/2-1/2

[Event "AUT-ch U18"]
[Site "Koestendorf"]
[Date "1998.04.04"]
[Round "1.7"]
[White "Enoeckl, Philipp"]
[Black "Heissenberger, Andreas"]
[Result "1/2-1/2"]
[WhiteElo "1985"]
[BlackElo "1644"]
[PlyCount "123"]
[EventDate "1998.04.04"]
[EventType "swiss"]
[EventRounds "7"]
[EventCountry "AUT"]
[SourceTitle "EXT 1999"]
[Source "ChessBase"]
[SourceDate "1998.11.16"]
[SourceVersion "1"]
[SourceVersionDate "1998.11.16"]
[SourceQuality "1"]

1. d4 d5 2. c4 e6 3. Nc3 c6 4. Nf3 Nd7 5. Bg5 Ngf6 6. e3 Be7 7. Qc2 0-0 8. Rc1 h6 9. Bh4 dxc4 10. Bxc4 b5 11. Bd3 Bb7 12. 0-0 a6 13. Rfd1 Rc8 14. Qb1 Nd5 15. Bg3 Qb6 16. Ne5 Nxe5 17. Bxe5 Rfd8 18. Ne4 c5 19. dxc5 Bxc5 20. Nxc5 Rxc5 21. Bd4 Rxc1 22. Bxb6 Rxb1 23. Bxb1 Rc8 24. Bd4 Ne7 25. f3 Rd8 26. Bc2 Nc6 27. Bc5 Rxd1+ 28. Bxd1 Ne5 29. Be2 Nc4 30. b3 Ne5 31. e4 Ng6 32. Kf2 Nf4 33. Bf1 e5 34. Ke3 Ne6 35. Bd6 f6 36. g3 Ng5 37. h4 Nf7 38. Bc5 g5 39. Kd2 g4 40. Be2 gxf3 41. Bxf3 Kg7 42. Ke3 Nd8 43. Bg4 Nc6 44. Be6 Nd8 45. Bf5 Kf7 46. Kd3 Nc6 47. a3 Ne7 48. Bd7 Bc6 49. Bxc6 Nxc6 50. h5 Nd8 51. Be3 Kg7 52. a4 Nc6 53. Bc5 Kf7 54. Kc3 Kg7 55. Bb6 Kf7 56. Kd3 Kg7 57. axb5 axb5 58. Bc5 Kf7 59. Ke2 Na5 60. b4 Nc6 61. Kf3 Nd8 62. Kg4 1/2-1/2